<?xml version="1.0" encoding="UTF-8"?>
<marc:record xmlns:marc="http://www.loc.gov/MARC21/slim">
   <marc:leader>00000nam a2200000 a 4500</marc:leader>
   <marc:datafield ind1="0" ind2="0" tag="245">
      <marc:subfield code="a">Kyurem gegen den Ritter der Redlichkeit</marc:subfield>
   </marc:datafield>
   <marc:datafield ind1=" " ind2="1" tag="264">
      <marc:subfield code="a">Hamburg</marc:subfield>
      <marc:subfield code="b">Universal Pictures Germany</marc:subfield>
      <marc:subfield code="c">2013</marc:subfield>
   </marc:datafield>
   <marc:datafield ind1="1" ind2=" " tag="490">
      <marc:subfield code="a">Pokemon</marc:subfield>
   </marc:datafield>
   <marc:datafield ind1="1" ind2=" " tag="520">
      <marc:subfield code="a">Während einer Zugreise treffen Ash und seine Freunde auf ein verletztes Pokémon, das sie nicht identifizieren können. Gerade als sie ihm helfen wollen, wird der Zug vom legendären Kyurem angegriffen. Ash und seine Begleiter bringen das unbekannte Pokémon in Sicherheit und erfahren schon bald seine Geschichte.</marc:subfield>
   </marc:datafield>
   <marc:datafield ind1=" " ind2=" " tag="020">
      <marc:subfield code="a">5050582952803</marc:subfield>
      <marc:subfield code="9">5050582952803</marc:subfield>
   </marc:datafield>
   <marc:datafield ind1="3" ind2=" " tag="024">
      <marc:subfield code="a">5050582952803</marc:subfield>
   </marc:datafield>
   <marc:datafield ind1="0" ind2=" " tag="490">
      <marc:subfield code="v">0</marc:subfield>
   </marc:datafield>
   <marc:datafield ind1=" " ind2=" " tag="300">
      <marc:subfield code="a">1 DVD (PAL, Ländercode 2, 68 Min.) : farbig, mit Ton</marc:subfield>
   </marc:datafield>
</marc:record>
